Cumhuriyet'in başkenti (Record no. 9934)
[ view plain ]
| 000 -BAŞLIK | |
|---|---|
| Sabit Uzunlukta Kontrol Alanı | 00988na a2200313 4500 |
| 001 - KONTROL NUMARASI | |
| Denetim Alanı | 14456 |
| 003 - KONTROL NUMARASI IDENTIFIER | |
| Denetim Alanı | MIRAKIL |
| 005 - SON İŞLEM TARİHİ VE ZAMANI | |
| Denetim Alanı | 20181213155302.0 |
| 008 - SABİT-BOY VERİ ELEMANLARI - GENEL BİLGİLER | |
| Sabit Uzunlukta Kontrol Alanı | 160828b tu 000 0 |
| 020 ## - ULUSLARARASI STANDART KİTAP NUMARASI | |
| Uluslararası Standart Kitap Numarası | 9789754827590 (c.3) |
| 020 ## - ULUSLARARASI STANDART KİTAP NUMARASI | |
| Uluslararası Standart Kitap Numarası | 9789754827569 (c.2) |
| 020 ## - ULUSLARARASI STANDART KİTAP NUMARASI | |
| Uluslararası Standart Kitap Numarası | 9789754827576 (c.1) |
| 020 ## - ULUSLARARASI STANDART KİTAP NUMARASI | |
| Uluslararası Standart Kitap Numarası | 9789754827569 (tk.) |
| 035 ## - SİSTEM KONTROL NUMARASI | |
| Sistem Kontrol Numarası | 14456 |
| 040 ## - KATALOGLAMA KAYNAK | |
| Orijinal Kataloglama Ajansı | Milas |
| Kataloglama Dili | tur |
| Metne Dönüştürmek Ajansı | TR-AnCHP |
| 082 ## - DEWEY ONLU SINIFLANDIRMA NUMARASI | |
| Sınıflandırma Numarası | 956.502 |
| Ürün Numarası | C85 2007 |
| 090 ## - SINIFLAMA NUMARASI | |
| Sınıflama Numarası | 956.502 C85 2007 |
| 245 ## - BAŞLIK TABLOSU | |
| Başlık | Cumhuriyet'in başkenti |
| Sorumluluk Tablosu, Vb | hazırlayan/editör Atila Cangır |
| 246 ## - UNVAN FORM VARYING | |
| Başlık Doğru / Kısa Başlığı | Cumhuriyetin başkenti |
| 260 ## - YAYIN, DAĞITIM, VB | |
| Yayın, Dağıtım, Vb Yeri | Ankara |
| Yayıncı, Dağıtıcı, Vs Adı | Ankara Üniversitesi |
| Yayın, Dağıtım, Vb Tarihi | 2007 |
| 300 ## - FİZİKSEL TANIM | |
| Kapsam | 3 c. |
| Diğer Fiziksel Ayrıntıları | res. ; fotg. |
| Boyutlar | 32 sm. |
| 490 ## - SERİSİ TABLOSU | |
| Seri Beyanı | Ankara Üniversitesi Kültür ve Sanat yayınları |
| Hacim / Ardışık Tanımı | 3 |
| 650 ## - KONU KATMA GİRİŞ - TOPİKAL DÖNEM | |
| Topikal Süreli Veya Coğrafi Ad Giriş Elemanı | Fotoğraflar |
| Kronolojik Alt Bölümü | 20. yüzyıl |
| Coğrafi Alt Bölümü | Ankara |
| 650 ## - KONU KATMA GİRİŞ - TOPİKAL DÖNEM | |
| Topikal Süreli Veya Coğrafi Ad Giriş Elemanı | Başkentler |
| Genel Alt Bölümü | Fotoğraflar |
| Coğrafi Alt Bölümü | Türkiye |
| 651 ## - KONU KATMA GİRİŞ - COĞRAFİ ADI | |
| Coğrafi İsim | Ankara |
| Genel Alt Bölümü | Fotoğraflar |
| Kronolojik Alt Bölümü | 20. yüzyıl |
| 651 ## - KONU KATMA GİRİŞ - COĞRAFİ ADI | |
| Coğrafi İsim | Ankara |
| Genel Alt Bölümü | Resimli yapıtlar |
| Kronolojik Alt Bölümü | 20. yüzyıl |
| 700 ## - KATMA GİRİŞ - KİŞİSEL İSİM | |
| Kişisel Ad | Cangır, Atila |
| 942 ## - EKLENDİ GİRİŞ ELEMANLARI (KOHA) | |
| Sınıflandırma Veya Raf Düzeni Kaynak | |
| Koha Öğesi Türü | Books |
| 999 ## - SİSTEM KONTROL NUMARALARI (KOHA) | |
| Koha Biblionumber | 9934 |
| Koha Biblioitemnumber | 9934 |
| Kalıcı Konum | Mevcut Konum | Edinme Tarihi | Edinim Kaynak | Seri Numaralandırma / Kronolojik | Toplam Check-Out'Lar | Tam Çağrı Numarası | Barkod | Tarih Son Görülme | İtibaren Geçerli Fiyatlar | Koha Öğesi Türü |
|---|---|---|---|---|---|---|---|---|---|---|
| CHP Kütüphanesi | CHP Kütüphanesi | 08/28/2016 | Bağış | c.5 | 956.502 C85 2007 | 002447 | 08/28/2016 | 08/28/2016 | Books | |
| CHP Kütüphanesi | CHP Kütüphanesi | 08/28/2016 | Bağış | 956.502 C85 2007 | 002448 | 08/28/2016 | 08/28/2016 | Books | ||
| CHP Kütüphanesi | CHP Kütüphanesi | 08/28/2016 | Bağış | c.2 | 956.502 C85 2007 | 002449 | 08/28/2016 | 08/28/2016 | Books |
